000 00881cam a2200265 a 4500
001 000021998
005 20200930011534.0
008 100903s1973 sp 000 0 spa d
020 _a8432504556
040 _aDO-SdBNP
_bspa
_cBNPHU
082 _a928.61
_bA996F
100 1 _aFernández Pombo, Alejandro
_944510
245 1 0 _aMaestro Azorín /
_cAlejandro Fernández Pombo.
260 _aMadrid :
_bDoncel,
_c1973.
300 _a155 p. ;
_c18 cm.
490 1 _aLibro Joven de Bolsillo
_v46
500 _aIncluye lista de obras de la colección Doncel.
586 _a"Premio Doncel de Biografía 1967".
600 1 4 _aAZORÍN
_d1874-1967
_xBIOGRAFÍA
_944511
650 4 _aAutores española
_ySIGLO XIX
_xBiografías
_945597
650 4 _aLiteratura española
_9632
830 0 _aLibro Joven de Bolsillo
_v46
_913001
830 0 _aLibro Joven de Bolsillo
_913001
049 _aBNGR
999 _c21496
_d21496